00734nam a22001937a 450000500170000000800410001704000070005804100120006508200220007710000230009924501280012226000570025030000260030765000430033370000250037694200120040199900190041395201080043220220412152602.0220412b ||||| |||| 00| 0 eng d cAL aEnglish 223a915.505bINGT aPaul Ingram929634 aTibet the Facts: A Report Prepared by the Scientific Buddhist Association for the United Nations Commission on Human Rights aDharamsalabTibetan Young Buddhist Associationc1990 a384 p.bPBc21x14 cm. aTibet Autonomous Region (China)929635 aINGRAM (Paul)929636 2ddccGF c222402d222402 00102ddc40708HISaALbALd2013-03-24l0o915.505 INGTpGF03217r2022-04-12 00:00:00w2022-04-12yGF